000 00425nam a2200181Ia 4500
001 14037
005 20260306164845.0
008 260306t2019||||xx |||||||||||||| ||spa||
041 _aESP
082 _a006.3
_bB45
100 _aBernhardt, Chris,
_eAUT
245 0 _aQuantum computing for everyone
260 _c2019
300 _a194 páginas :
_c23 cm.
650 _aGEN
654 _aCCC
942 _cLIB
_dJUS
_fJUS
_2ddc
_n
999 _c14037
_d14037